| 000 | 00817cam a22002775a 4500 | ||
|---|---|---|---|
| 001 | 014916768 | ||
| 003 | OSt | ||
| 005 | 20160308155152.0 | ||
| 008 | 090213t2009 enka frb 001 0 eng d | ||
| 020 | _a9781850971788 (hbk.) | ||
| 020 | _a1850971781 (hbk.) | ||
| 040 |
_aStDuBDS _beng _cStDuBDS _dUk |
||
| 082 | 0 | 4 |
_a617.634059 _222 _bMER |
| 100 | 1 |
_aMerino, Enrique M. _939500 |
|
| 245 | 1 | 0 |
_aEndodontic microsurgery / _cEnrique M. Merino. |
| 260 |
_aSurrey : _bQuintessence Publishing, _cc.2009. |
||
| 300 |
_axii, 343 p. : _bill. ; _c28 cm. |
||
| 500 | _aIndex : p. 341-343. | ||
| 504 | _aIncludes bibliographical references. | ||
| 650 | 0 |
_aEndodontics. _2BUEsh |
|
| 650 | 0 |
_aPeriodontium _xSurgery. _2BUEsh |
|
| 650 | 0 |
_aMicrosurgery. _2BUEsh |
|
| 651 | _2BUEsh | ||
| 653 |
_bDDent _cMarch2016 |
||
| 942 | _2ddc | ||
| 999 |
_c21346 _d21318 |
||